000 02968nam0a2200409 4500
001 RU\NLR\BIBL_A\011706292
005 20211206102210.0
010 _a978-5-8381-0331-4
_9500
021 _aRU
_bКН-П-18-2026
_9КН-П-18-027795
035 _a(NLR Aleph) 011706292
035 _a(RuMoRGB)009605375
090 _a11411728
_c11411728
100 _a20180517d2018 k y0rusy50 ca
101 0 _arus
_deng
102 _aRU
105 _aa|||z|||000zy
200 1 _a13-я пятилетка (2016-2020 гг.) - важнейший этап построения в Китае общества малого благоденствия "сяокан"
_e[сборник статей]
_fРоссийская академия наук, Федеральное государственное бюджетное учреждение науки Институт Дальнего Востока Институт Дальнего Востока Российской академии наук, Центр социально-экономических исследований Китая
_g[сост.: П.Б. Каменнов
_gответственный редактор: д.э.н., проф. А.В. Островский]
210 _aМосква
_cИДВ РАН
_d2018
215 _a303 с.
_cил., табл.
_d20
300 _aРез. англ.
320 _aБиблиогр. в примеч. в конце ст. и в тексте
517 1 _aТринадцатая пятилетка (2016-2020 гг.) - важнейший этап построения в Китае общества малого благоденствия "сяокан"
607 _aКитайская Народная Республика
_xНародное хозяйство
_jСборники
_2nlr_sh1
_2nlr_sh2
_3RU\NLR\AUTH\66114359
607 _aКитайская Народная Республика
_xНародное хозяйство
_xПрогнозирование
_jСборники
_2nlr_sh2
_3RU\NLR\AUTH\661352940
686 _aУ9(5Кит)0я43
_2rubbk
686 1 _aУ03(5Кит)7я43
686 1 _aУ23(5Кит)038я43
702 1 _aКаменнов
_bП. Б.
_gПавел Борисович
_4220
702 1 _aОстровский
_bА. В.
_cд-р экон. наук
_f1949-
_gАндрей Владимирович
_3RU\NLR\AUTH\770236870
_4340
711 0 2 _aИнститут Дальнего Востока
_cМосква
_bЦентр социально-экономических исследований Китая
_bНаучная конференция
_f2017
_3RU\NLR\AUTH\880471846
712 0 2 _aИнститут Дальнего Востока
_cМосква
_bЦентр социально-экономических исследований Китая
_3RU\NLR\AUTH\880471847
_4570
942 _cBOOK
980 _aNBR
980 _aNB